| 000 | 00508nam a2200181Ia 4500 | ||
|---|---|---|---|
| 003 | GCL | ||
| 008 | 140319s9999 xx 000 0 ara d | ||
| 040 |
_aGCL / _cGCL |
||
| 082 | 0 | 4 |
_a818.02 _bم ك |
| 100 | 1 | _aمحمد فؤاد عبدالباقى | |
| 245 | 1 | 0 |
_aكشف الطرة / _cمحمد فؤاد عبدالباقى |
| 260 |
_a[S.N] : _bدار الكتب المصرية |
||
| 300 | _a475 ص | ||
| 490 | _a | ||
| 650 | 0 | 4 | _aالادب العربى |
| 650 | 0 | 4 | _aالمجموعات |
| 942 |
_2ddc _cBK |
||
| 999 |
_c58611 _d58611 |
||